Human Minds and Animal Stories (Record no. 15363)
[ view plain ]
| 000 -LEADER | |
|---|---|
| fixed length control field | 00682nam a2200121Ia 4500 |
| 008 - FIXED-LENGTH DATA ELEMENTS--GENERAL INFORMATION | |
| fixed length control field | 220615s9999||||xx |||||||||||||| ||und|| |
| 100 ## - MAIN ENTRY--PERSONAL NAME | |
| Personal name | Małecki, Wojciech||Sorokowski, Piotr||Pawłowski, Bogusław||Cieński, Marcin |
| 245 #0 - TITLE STATEMENT | |
| Title | Human Minds and Animal Stories |
| Remainder of title | How Narratives Make Us Care About Other Species |
| 546 ## - LANGUAGE NOTE | |
| Language note | English[eng] |
| 650 ## - SUBJECT ADDED ENTRY--TOPICAL TERM | |
| Topical term or geographic name entry element | Anthologies: general||Literature: history and criticism||Conservation of the environment||Environmental science, engineering and technology |
| 856 ## - ELECTRONIC LOCATION AND ACCESS | |
| Uniform Resource Identifier | <a href="https://library.oapen.org/bitstream/20.500.12657/52763/1/9780429591990.pdf||https://library.oapen.org/bitstream/20.500.12657/52763/1/9780429591990.pdf">https://library.oapen.org/bitstream/20.500.12657/52763/1/9780429591990.pdf||https://library.oapen.org/bitstream/20.500.12657/52763/1/9780429591990.pdf</a> |
| 942 ## - ADDED ENTRY ELEMENTS (KOHA) | |
| Koha item type | E-Books |
| Withdrawn status | Lost status | Damaged status | Not for loan | Home library | Current library | Date acquired | Total Checkouts | Date last seen | Price effective from | Koha item type |
|---|---|---|---|---|---|---|---|---|---|---|
| Kerala University of Digital Sciences, Innovation and Technology Knowledge Centre | Kerala University of Digital Sciences, Innovation and Technology Knowledge Centre | 15/06/2022 | 15/06/2022 | 15/06/2022 | E-Books |